アイドルマスターシリーズ全アイドル - Statistics

General Stats
  • This quiz has been taken 67 times
    7 since last reset
  • The average score is 158 of 341
Answer Stats
ブランド アイドル % Correct
AS 秋月律子
100%
学園 雨夜燕
100%
学園 有村麻央
100%
学園 葛城リーリヤ
100%
学園 倉本千奈
100%
学園 紫雲清夏
100%
学園 篠澤広
100%
学園 十王星南
100%
シンデレラ 城ヶ崎莉嘉
100%
学園 月村手毬
100%
学園 花海佑芽
100%
学園 花海咲季
100%
SideM ピエール
100%
学園 姫崎莉波
100%
学園 藤田ことね
100%
シンデレラ 双葉杏
100%
AS 三浦あずさ
100%
シンデレラ 夢見りあむ
100%
学園 秦谷美鈴
100%
シンデレラ 赤城みりあ
75%
SideM 秋月涼
75%
シャニ 緋田美琴
75%
シャニ 浅倉透
75%
シンデレラ 浅利七海
75%
AS 天海春香
75%
シャニ 斑鳩ルカ
75%
シャニ 郁田はるき
75%
シャニ 市川雛菜
75%
シンデレラ 市原仁奈
75%
ミリオン 大神環
75%
シャニ 大崎甘奈
75%
シャニ 大崎甜花
75%
ミリオン 春日未来
75%
AS 我那覇響
75%
SideM 兜大吾
75%
AS 菊地真
75%
AS 如月千早
75%
シャニ 小宮果穂
75%
シャニ 西城樹里
75%
シンデレラ 佐久間まゆ
75%
シンデレラ 櫻井桃華
75%
シャニ 櫻木真乃
75%
シンデレラ 佐々木千枝
75%
シンデレラ 佐城雪美
75%
AS 四条貴音
75%
シンデレラ 島村卯月
75%
シンデレラ 城ヶ崎美嘉
75%
ミリオン 周防桃子
75%
シャニ 鈴木羽那
75%
シャニ 園田智代子
75%
AS 高槻やよい
75%
シンデレラ 橘ありす
75%
シャニ 田中摩美々
75%
シャニ 月岡恋鐘
75%
SideM 天道輝
75%
ミリオン 七尾百合子
75%
シャニ 七草にちか
75%
AS 萩原雪歩
75%
シャニ 八宮めぐる
75%
ミリオン 馬場このみ
75%
シャニ 福丸小糸
75%
AS 双海亜美
75%
AS 双海真美
75%
SideM 冬美旬
75%
AS 星井美希
75%
シンデレラ 的場梨沙
75%
シャニ 黛冬優子
75%
シャニ 三峰結華
75%
AS 水瀬伊織
75%
シンデレラ メアリー・コクラン
75%
ミリオン 望月杏奈
75%
シャニ 杜野凛世
75%
シンデレラ 相川千夏
50%
シンデレラ 愛野渚
50%
シンデレラ 相葉夕美
50%
SideM 蒼井享介
50%
SideM 蒼井悠介
50%
SideM 紅井朱雀
50%
シンデレラ 赤西瑛梨華
50%
SideM 握野英雄
50%
シンデレラ アナスタシア
50%
シンデレラ 安部菜々
50%
SideM 天ヶ瀬冬馬
50%
SideM 天峰秀
50%
その他 亜夜
50%
シンデレラ 綾瀬穂乃香
50%
シャニ 有栖川夏葉
50%
シンデレラ 安斎都
50%
シンデレラ イヴ・サンタクロース
50%
シンデレラ 五十嵐響子
50%
SideM 伊集院北斗
50%
シャニ 和泉愛依
50%
SideM 伊瀬谷四季
50%
シンデレラ 一ノ瀬志希
50%
ミリオン 伊吹翼
50%
シンデレラ 今井加奈
50%
SideM 卯月巻緒
50%
ミリオン エミリースチュアート
50%
SideM 円城寺道流
50%
シンデレラ 大槻唯
50%
シンデレラ 緒方智絵里
50%
SideM 岡村直央
50%
シャニ 風野灯織
50%
SideM 柏木翼
50%
その他 上水流宇宙
50%
シンデレラ 神谷奈緒
50%
シンデレラ 神崎蘭子
50%
SideM 牙崎漣
50%
ミリオン 北沢志保
50%
ミリオン 木下ひなた
50%
SideM 木村龍
50%
SideM 清澄九郎
50%
SideM 葛之葉雨彦
50%
シンデレラ 黒川千秋
50%
シンデレラ 黒埼ちとせ
50%
SideM 黒野玄武
50%
シャニ 桑山千雪
50%
ミリオン 高坂海美
50%
シンデレラ 古賀小春
50%
シンデレラ 小日向美穂
50%
SideM 古論クリス
50%
シンデレラ 財前時子
50%
SideM 桜庭薫
50%
ミリオン 桜守歌織
50%
ミリオン 佐竹美奈子
50%
シンデレラ 佐藤心
50%
その他 詩花
50%
シンデレラ 渋谷凛
50%
ミリオン 島原エレナ
50%
シンデレラ 首藤葵
50%
ミリオン 白石紬
50%
シャニ 白瀬咲耶
50%
シンデレラ 白雪千夜
50%
SideM 信玄誠司
50%
シンデレラ 砂塚あきら
50%
シャニ 芹沢あさひ
50%
SideM 大河タケル
50%
シンデレラ 高垣楓
50%
シンデレラ 鷹富士茄子
50%
シンデレラ 多田李衣菜
50%
SideM 橘志狼
50%
ミリオン 田中琴葉
50%
シンデレラ 月宮雅
50%
SideM 九十九一希
50%
ミリオン 天空橋朋花
50%
ミリオン 徳川まつり
50%
ミリオン 所恵美
50%
シンデレラ 十時愛梨
50%
その他 灯里愛夏
50%
ミリオン 豊川風花
50%
ミリオン 中谷育
50%
シンデレラ ナターリア
50%
シンデレラ 成宮由愛
50%
シンデレラ 南条光
50%
シンデレラ 新田美波
50%
SideM 猫柳キリオ
50%
ミリオン 箱崎星梨花
50%
SideM 硲道夫
50%
シンデレラ 浜口あやめ
50%
シャニ 樋口円香
50%
シンデレラ 久川凪
50%
シンデレラ 久川颯
50%
SideM 姫野かのん
50%
ミリオン 福田のり子
50%
シンデレラ 藤居朋
50%
シンデレラ 藤原肇
50%
シンデレラ 北条加蓮
50%
シンデレラ 堀裕子
50%
シンデレラ 本田未央
50%
SideM 舞田類
50%
ミリオン 舞浜歩
50%
シンデレラ 前川みく
50%
ミリオン 松田亜利沙
50%
SideM 眉見鋭心
50%
SideM 水嶋咲
50%
シンデレラ 三船美優
50%
シンデレラ 三村かな子
50%
ミリオン 宮尾美也
50%
ミリオン 最上静香
50%
シンデレラ 望月聖
50%
ミリオン 百瀬莉緒
50%
シンデレラ 森久保乃々
50%
シンデレラ 諸星きらり
50%
シンデレラ 八神マキノ
50%
シンデレラ 柳清良
50%
ミリオン 矢吹可奈
50%
SideM 山下次郎
50%
シンデレラ 結城晴
50%
シャニ 幽谷霧子
50%
シンデレラ 遊佐こずえ
50%
シンデレラ 横山千佳
50%
ミリオン 横山奈緒
50%
シンデレラ 依田芳乃
50%
シンデレラ 龍崎薫
50%
その他 玲音
50%
その他 レトラ
50%
ミリオン ロコ
50%
SideM 若里春名
50%
シンデレラ 脇山珠美
50%
SideM 渡辺みのり
50%
シンデレラ 相原雪乃
25%
SideM 秋山隼人
25%
シンデレラ 浅野風香
25%
SideM アスラン=ベルゼビュートⅡ世
25%
シンデレラ 荒木比奈
25%
シンデレラ 有浦柑奈
25%
シンデレラ 池袋晶葉
25%
シンデレラ 伊集院惠
25%
シンデレラ 井村雪菜
25%
シンデレラ 上田鈴帆
25%
シンデレラ 氏家むつみ
25%
シンデレラ 梅木音葉
25%
シンデレラ 江上椿
25%
シンデレラ 衛藤美紗希
25%
シンデレラ 海老原菜帆
25%
シンデレラ 及川雫
25%
シンデレラ 大石泉
25%
シンデレラ 太田優
25%
シンデレラ 大西由里子
25%
シンデレラ 大沼くるみ
25%
シンデレラ 大原みちる
25%
シンデレラ 岡崎泰葉
25%
その他 奥空心白
25%
シンデレラ 奥山沙織
25%
シンデレラ 乙倉悠貴
25%
SideM 神楽麗
25%
シンデレラ 片桐早苗
25%
シンデレラ 上条春菜
25%
SideM 神谷幸広
25%
シンデレラ 川島瑞樹
25%
シンデレラ 岸部彩華
25%
ミリオン 北上麗花
25%
シンデレラ 北川真尋
25%
シンデレラ 喜多日菜子
25%
シンデレラ 喜多見柚
25%
SideM 北村想楽
25%
シンデレラ 木場真奈美
25%
シンデレラ 木村夏樹
25%
シンデレラ キャシー・グラハム
25%
シンデレラ 桐野アヤ
25%
シンデレラ 桐生つかさ
25%
シンデレラ 日下部若葉
25%
シンデレラ 工藤忍
25%
シンデレラ クラリス
25%
シンデレラ 栗原ネネ
25%
シンデレラ ケイト
25%
シンデレラ 輿水幸子
25%
シンデレラ 小関麗奈
25%
シンデレラ 小早川紗枝
25%
シンデレラ 小松伊吹
25%
シンデレラ 小室千奈美
25%
シンデレラ 西園寺琴歌
25%
シンデレラ 斉藤洋子
25%
シンデレラ 冴島清美
25%
SideM 榊夏来
25%
シンデレラ 榊原里美
25%
シンデレラ 鷺沢文香
25%
シンデレラ 沢田麻理菜
25%
シンデレラ 椎名法子
25%
シンデレラ 塩見周子
25%
SideM 東雲荘一郎
25%
シンデレラ 篠原礼
25%
ミリオン 篠宮可憐
25%
ミリオン ジュリア
25%
シンデレラ 白菊ほたる
25%
シンデレラ 白坂小梅
25%
シンデレラ 杉坂海
25%
シンデレラ 涼宮星花
25%
シンデレラ 関裕美
25%
シンデレラ 瀬名詩織
25%
シンデレラ 仙崎恵磨
25%
シンデレラ 相馬夏美
25%
SideM 鷹城恭二
25%
シンデレラ 高橋礼子
25%
シンデレラ 高峯のあ
25%
シンデレラ 高森藍子
25%
ミリオン 高山紗代子
25%
シンデレラ 辻野あかり
25%
シンデレラ 土屋亜子
25%
SideM 都築圭
25%
シンデレラ 東郷あい
25%
シンデレラ 道明寺歌鈴
25%
シンデレラ 長富蓮実
25%
シンデレラ 中野有香
25%
ミリオン 永吉昴
25%
シンデレラ 並木芽衣子
25%
シンデレラ 難波笑美
25%
ミリオン 二階堂千鶴
25%
シンデレラ 西川保奈美
25%
シンデレラ 西島櫂
25%
シンデレラ 二宮飛鳥
25%
シンデレラ 丹羽仁美
25%
ミリオン 野々原茜
25%
シンデレラ 野々村そら
25%
シンデレラ 服部瞳子
25%
SideM 花園百々人
25%
SideM 華村翔真
25%
シンデレラ 浜川愛結奈
25%
シンデレラ 早坂美玲
25%
シンデレラ 速水奏
25%
シンデレラ 原田美世
25%
シンデレラ 柊志乃
25%
その他 日高愛
25%
シンデレラ 日野茜
25%
シンデレラ 姫川友紀
25%
シンデレラ 兵藤レナ
25%
シンデレラ 福山舞
25%
シンデレラ 藤本里奈
25%
シンデレラ 古澤頼子
25%
シンデレラ ヘレン
25%
シンデレラ 星輝子
25%
ミリオン 真壁瑞希
25%
シンデレラ 槙原志保
25%
シンデレラ 松尾千鶴
25%
シンデレラ 松永涼
25%
シンデレラ 松原早耶
25%
シンデレラ 松本沙理奈
25%
シンデレラ 松山久美子
25%
シンデレラ 間中美里
25%
シンデレラ 真鍋いつき
25%
シンデレラ 水木聖來
25%
その他 水谷絵理
25%
シンデレラ 水野翠
25%
シンデレラ 水本ゆかり
25%
SideM 御手洗翔太
25%
シンデレラ 宮本フレデリカ
25%
シンデレラ 三好紗南
25%
シンデレラ 向井拓海
25%
シンデレラ 棟方愛海
25%
シンデレラ 村上巴
25%
シンデレラ 村松さくら
25%
シンデレラ 持田亜里沙
25%
シンデレラ 桃井あずき
25%
シンデレラ 楊菲菲
25%
シンデレラ 矢口美羽
25%
シンデレラ 柳瀬美由紀
25%
シンデレラ 大和亜季
25%
シンデレラ 吉岡沙紀
25%
シンデレラ ライラ
25%
シンデレラ 若林智香
25%
シンデレラ 和久井留美
25%
No matching quizzes found
Score Distribution
Percent of People with Each Score
Percentile by Number Answered
Your Score History
You have not taken this quiz since the last reset